| 000 | 00320nam a2200121Ia 4500 | ||
|---|---|---|---|
| 005 | 20251223000719.0 | ||
| 008 | 251222s9999||||xx |||||||||||||| ||spa|| | ||
| 082 | _a382/F74 | ||
| 245 | 0 | _aI Rapporti Commerciali Tra Unione Europea e America Latina | |
| 250 | _a1ra.ed. | ||
| 264 | _bFundazione Casa America | ||
| 942 | _cLIB | ||
| 999 |
_c41574 _d41574 |
||